<?xml version="1.0" encoding="UTF-8"?>
<record
    xmlns:xsi="http://www.w3.org/2001/XMLSchema-instance"
    xsi:schemaLocation="http://www.loc.gov/MARC21/slim http://www.loc.gov/standards/marcxml/schema/MARC21slim.xsd"
    xmlns="http://www.loc.gov/MARC21/slim">

  <leader>01383cam a2200277 a 4500</leader>
  <controlfield tag="001"> 82827</controlfield>
  <controlfield tag="003">BD-RjUL</controlfield>
  <controlfield tag="005">20240129100721.0</controlfield>
  <controlfield tag="008">240129m1954    ir            000 0 per d</controlfield>
  <datafield tag="035" ind1=" " ind2=" ">
    <subfield code="a">(BD-RjUL) 82827</subfield>
  </datafield>
  <datafield tag="040" ind1=" " ind2=" ">
    <subfield code="a">DLC</subfield>
    <subfield code="c">MiU</subfield>
    <subfield code="d">CU</subfield>
    <subfield code="d">UkEU</subfield>
    <subfield code="d">UkDhU</subfield>
    <subfield code="b">eng</subfield>
  </datafield>
  <datafield tag="041" ind1="1" ind2=" ">
    <subfield code="a">ara</subfield>
    <subfield code="a">per</subfield>
    <subfield code="h">ara</subfield>
  </datafield>
  <datafield tag="082" ind1=" " ind2=" ">
    <subfield code="2">23</subfield>
    <subfield code="a">492.7</subfield>
    <subfield code="b">IBM 1954</subfield>
  </datafield>
  <datafield tag="100" ind1="0" ind2=" ">
    <subfield code="a">Ibn Sina ;;&#x627;&#x628;&#x646; &#x633;&#x64A;&#x646;&#x627;.</subfield>
    <subfield code="d">980-1037.</subfield>
    <subfield code="9">11199</subfield>
  </datafield>
  <datafield tag="245" ind1="1" ind2="0">
    <subfield code="a">&#x645;&#x62E;&#x627;&#x631;&#x62C; &#x627;&#x644;&#x62D;&#x631;&#x648;&#x641;&#x60C; &#x64A;&#x627;&#x60C; &#x627;&#x633;&#x628;&#x627;&#x628; &#x62D;&#x62F;&#x648;&#x62B; &#x627;&#x644;&#x62D;&#x631;&#x648;&#x641; /  ;;   Makh&#x101;rij al-&#x1E25;ur&#x16B;f, y&#x101;, Asb&#x101;b-i &#x1E25;ud&#x16B;s&#x332; al-&#x1E25;ur&#x16B;f /</subfield>
    <subfield code="c">ta&#x1E63;n&#x12B;f-i Ab&#x16B; &#x2BB;Al&#x12B; Ibn S&#x12B;n&#x101;. ;;  &#x62A;&#x635;&#x646;&#x64A;&#x641;  &#x627;&#x644;&#x631;&#x64A;&#x633; &#x627;&#x628;&#x648; &#x639;&#x644;&#x649; &#x628;&#x646; &#x633;&#x64A;&#x646;&#x627;. </subfield>
  </datafield>
  <datafield tag="246" ind1="3" ind2=" ">
    <subfield code="a">&#x627;&#x633;&#x628;&#x627;&#x628;  &#x62D;&#x62F;&#x648;&#x62B; &#x627;&#x644;&#x62D;&#x631;&#x648;&#x641;Asb&#x101;b &#x1E25;ud&#x16B;th al-&#x1E25;ur&#x16B;f</subfield>
  </datafield>
  <datafield tag="260" ind1=" " ind2=" ">
    <subfield code="a">Tihr&#x101;n :&#x62A;&#x647;&#x631;&#x627;&#x646; :</subfield>
    <subfield code="b">D&#x101;nishgah Tihr&#x101;n,&#x62F;&#x627;&#x646;&#x634;&#x643;&#x627;&#x647; &#x62A;&#x647;&#x631;&#x627;&#x646;&#x60C;</subfield>
    <subfield code="c">1333- [1954-]</subfield>
  </datafield>
  <datafield tag="300" ind1=" " ind2=" ">
    <subfield code="a">v. &lt;1&gt; ;</subfield>
    <subfield code="c">24 cm.</subfield>
  </datafield>
  <datafield tag="505" ind1="1" ind2=" ">
    <subfield code="a">juz&#x2BC;-i 1. Du riv&#x101;yat az matn-i ris&#x101;lah b&#x101; muq&#x101;bilah va ta&#x1E63;&#x1E25;&#x12B;&#x1E25; va tarjamah-&#x2BC;i F&#x101;rs&#x12B; / Parv&#x12B;z N&#x101;til Kh&#x101;nlar&#x12B;</subfield>
  </datafield>
  <datafield tag="650" ind1=" " ind2="0">
    <subfield code="a">Arabic language</subfield>
    <subfield code="x">Phonetics</subfield>
    <subfield code="v">Early works to 1800.</subfield>
    <subfield code="9">11201</subfield>
  </datafield>
  <datafield tag="700" ind1="1" ind2=" ">
    <subfield code="a">Kh&#x101;nlar&#x12B;, Parv&#x12B;z N&#x101;til.&#x62E;&#x627;&#x646;&#x644;&#x631;&#x649;&#x60C; &#x67E;&#x631;&#x648;&#x64A;&#x632; &#x646;&#x627;&#x62A;&#x644;.</subfield>
    <subfield code="9">11202</subfield>
  </datafield>
  <datafield tag="942" ind1=" " ind2=" ">
    <subfield code="2">ddc</subfield>
    <subfield code="c">BK</subfield>
  </datafield>
  <datafield tag="999" ind1=" " ind2=" ">
    <subfield code="c">82827</subfield>
    <subfield code="d">82827</subfield>
  </datafield>
  <datafield tag="952" ind1=" " ind2=" ">
    <subfield code="0">0</subfield>
    <subfield code="1">0</subfield>
    <subfield code="2">ddc</subfield>
    <subfield code="4">0</subfield>
    <subfield code="7">1</subfield>
    <subfield code="8">NFIC</subfield>
    <subfield code="a">RUCL</subfield>
    <subfield code="b">RUCL</subfield>
    <subfield code="c">Reading</subfield>
    <subfield code="d">2024-01-29</subfield>
    <subfield code="o">492.7 IBM 1954</subfield>
    <subfield code="r">2024-01-29 00:00:00</subfield>
    <subfield code="t">C-1</subfield>
    <subfield code="y">BK</subfield>
  </datafield>
</record>
